| 000 | 00491nam a2200181Ia 4500 | ||
|---|---|---|---|
| 999 |
_c5147 _d5147 |
||
| 020 | _a1-4039-4155-6 | ||
| 082 | _a330.015195 PAL- | ||
| 245 | 0 | _aPalgrave handbook of econometrics | |
| 260 |
_aHampshire _bPalgrave Macmillan _c2006 |
||
| 300 | _axxv, 1097 | ||
| 500 | _aVol 1. Econometric theory | ||
| 650 |
_aEconometrics _vMethodology |
||
| 650 |
_aEconometrics _vHistory |
||
| 650 | _aEconomics, Mathematical | ||
| 700 | _aPatterson, Kerry | ||
| 700 | _aMills, Terence C. | ||
| 942 | _cBK | ||